Evaluación y propuesta técnica sobre la condiciones de almacenamiento y manejo de las sustancias químicas líquidas peligrosas en la sede Central del instituto Nacional de Aprendizaje
Kaydedildi:
| Yazar: | |
|---|---|
| Materyal Türü: | Kitap |
| Dil: | Spanish |
| Baskı/Yayın Bilgisi: |
San José, Costa Rica
2018
|
| Konular: | |
| Etiketler: |
Etiketle
Etiket eklenmemiş, İlk siz ekleyin!
|
MARC
| LEADER | 00000nam a22000007a 4500 | ||
|---|---|---|---|
| 003 | 012943 | ||
| 005 | 20221231144400.0 | ||
| 008 | 181029b2018 cr a|||| ||m| 00| ||spa d | ||
| 040 | |c cru CEDI | ||
| 090 | |a TFG 8094 | ||
| 100 | |9 14422 |a Vargas Pérez, Jorge Eduardo | ||
| 245 | |a Evaluación y propuesta técnica sobre la condiciones de almacenamiento y manejo de las sustancias químicas líquidas peligrosas en la sede Central del instituto Nacional de Aprendizaje | ||
| 260 | |a San José, Costa Rica |c 2018 | ||
| 300 | |a xi, 172[67] hojas:ilustraciones a color | ||
| 500 | |a Proyecto de graduación(licenciatura en ingeniería química)--Universidad de Costa Rica. Facultad de Ingeniería. Escuela de Ingeniería Química | ||
| 650 | |x ALMACENAMIENTO |x INSTITUTO NACIONAL DE APRENDIZAJE (COSTA RICA) |x MATERIALES PELIGROSOS |x MANIPULACION |x MEDIDAS DE SEGURIDAD |x PRODUCTOS QUIMICOS |x SEGURIDAD INDUSTRIAL |9 14423 | ||
| 942 | |c TFG | ||
| 999 | |c 21047 |d 21047 | ||
